LEADER 01046naa a2200241 u 4500 001 000000094839 003 CaOOAMICUS 005 20070226130140.0 008 040519s1971 cau u000 u fre u 020 $a0520018303 035 $a10995985 040 $aIAR$bita 100 1 $aDupont, Clémence.$0(OLS)http://pul/name/60838 245 10$aDécisions et textes constantiniens dans les {oelig}uvres d'Eusèbe de Césarée /$cClémence Dupont. 260 $aBerkeley, ... :$bUniversity of California Press,$c1971. 300 $av.2, S. 1-32, ;$c26 cm 600 04$aEusebius Caesariensis,$cvesc.,$d260/265-339/340.$0(OLS)http://pul/subject/7900 730 0 $aViator$g[Spogli].$0(OLS)http://pul/title/7280 773 0 $aViator.$gv.2 (1971) 773 0 $tViator$w()4993 996 $6020$a0520018303$9(OLS)http://pul/number/124327 996 $6245$aDécisions et textes constantiniens dans les {oelig}uvres d'Eusèbe de Césarée$9(OLS)http://pul/title/121711 996 $6260$aBerkeley, ... :$bUniversity of California Press$9(OLS)http://pul/publisher/79179 LEADER 01638nam a2200301 u 4500 001 000000111295 003 CaOOAMICUS 005 20080421113341.0 008 080421s2008 it u000 u ita u 020 $z978-88-6132-150-2* 040 $aPUL$bita$dMCT 110 1 $aItalia.$kLeggi, statuti, ecc.$0(OLS)http://pul/name/10145 245 13$aIl nuovissimo codice delle locazioni :$bl'ultimo provvedimento blocco sfratti commentato (L. 28 febbraio 2008, n. 31) con tutti i decreti per i contratti agevolati, transitori e per studenti universitari /$ca cura di Corrado Sforza Fogliani e Stefano Maglia. 250 $a3. ed. 260 $aPiacenza :$bLa Tribuna,$c2008. 300 $a1644 p. ;$c20 cm. 490 1 $aEdilizia & immobili 500 $aInclude indici. 650 4$aProprietà immobiliare (Diritto).$0(OLS)http://pul/subject/33647 700 1 $aSforza Fogliani, Corrado,$d1938-$0(OLS)http://pul/name/52768 700 1 $aMaglia, Stefano.$0(OLS)http://pul/name/52769 830 0$aEdilizia & immobili.$0(OLS)http://pul/title/135893 850 $aPUL 852 $aPUL$W1$xDP2 Diritto e Scienze Sociali 3$y110$m348. 45 BCOLL 2.16.1$j127577$qDDC 21$B126279$CPULBib$Z2$F126279 $H107114 $82 941 1 $a9 996 $6020$z978-88-6132-150-2*$9(OLS)http://pul/number/137780 996 $6245$aIl nuovissimo codice delle locazioni :$bl'ultimo provvedimento blocco sfratti commentato (L. 28 febbraio 2008, n. 31) con tutti i decreti per i contratti agevolati, transitori e per studenti universitari$9(OLS)http://pul/title/139936 996 $6260$aPiacenza :$bLa Tribuna$9(OLS)http://pul/publisher/69734